000 00281nam a2200133Ia 4500
100 _aZig Ziglar
650 _aGeneral
942 _cBK
245 _aUP UP Up staying in a down down world
260 _bMagna Publishers
082 _a226.8/ZIG
546 _aENGLISH
999 _c33112
_d33112